000 01208cam a22002174a 4500
005 20260202100026.0
008 250528s ||||||||||||||||||||||||d
035 _a14511
020 _a863773753
040 _aGR-AtMCL
_bgre
_dGR-AtMCL
_eAACR2
245 1 _aCognitive Psychology / A Student's Handbook
250 _a3rd
260 _bPsychology Press,
_c1997
300 _a546
520 _aAn essential reading for undergraduate students of psychology. Preface, Visual Perception: Basic Processes, Object Recognition, Theories of Perception and Movement and Action, Attention and Performance Limitations, Memory: Structure and Processes, Memory and Amnesia, Everyday Memory, Mental Representation: Propositions and Images, Objects and Concepts and Categories, Relations and Events and Schemata, Speech Perception and Reading, Language Comprehension, Language Production: Speaking and Writing, Solving Puzzles and Problems, Problem-Solving Skill and Creativity, Reasoning, Cognition and Emotion, Cognitive Psychology: Present and Future, References, Author and Subject Index.
700 1 _aEysenck, Michael W.
_9211
700 1 _aKeane Mark T
_9212
942 _cBK
999 _c140
_d140